Vật lí 11 nâng cao

Sách gồm 2 phần giới thiệu điện học - điện từ học và quang hình học.

Đã lưu trong:
Sonraí Bibleagrafaíochta
Príomhúdar: Nguyễn, Thế Khôi
Formáid: Leabhar
Teanga:Undetermined
Foilsithe: Hà Nội Giáo dục Việt Nam 2016
Ábhair:
Clibeanna: Cuir Clib Leis
Gan Chlibeanna, Bí ar an gcéad duine leis an taifead seo a chlibeáil!
Thư viện lưu trữ: Trung tâm Học liệu Trường Đại học Cần Thơ
LEADER 01161nam a2200241Ia 4500
001 CTU_216589
008 210402s9999 xx 000 0 und d
020 |c 16600 
082 |a 530.0712 
082 |b Kh452 
100 |a Nguyễn, Thế Khôi 
245 0 |a Vật lí 11 nâng cao 
245 0 |c Nguyễn Thế Khôi (Tổng chủ biên) 
260 |a Hà Nội 
260 |b Giáo dục Việt Nam 
260 |c 2016 
520 |a Sách gồm 2 phần giới thiệu điện học - điện từ học và quang hình học. 
526 |a Giáo dục môi trường trong dạy học Vật lý,Đánh giá kết quả học tập Toán và Khoa học tự nhiên,Phương pháp giảng dạy thí nghiệm vật lý phổ thông,Tập giảng Vật lý,Phát triển chương trình giáo dục Toán và Khoa học tự nhiên 
526 |b SG166,SG422,SG132,SG167,SG431 
650 |a Physics,Vật lí 
650 |x Study and teaching (Secondary),Dạy và học (Trung học) 
904 |i Hải 
980 |a Trung tâm Học liệu Trường Đại học Cần Thơ